000 00505nam a2200193Ia 4500
003 OSt
005 20220918105416.0
006 a|||||r|||| 00| 0
007 ta
008 220915b |||||||| |||| 00| 0 eng d
024 _a92,407
037 _cReference Collections
040 _aARTS
_cARTS
_beng
041 _2eng
_aeng
082 _aN44,M<-H, M6(RR)
245 0 _aIndia
_bart and culture 1300-1900
942 _hN44,M<-H, M6(RR)
_cREF
999 _c106876
_d106876